000
00266nam a22001097a 4500
082
_a
660 DIR'P
100
_a
PAEC
_9
75520
245
_a
DIRECTORY ON ENGINEERING AND CHEMICAL PRODUCTS MANUFACTURED
260
_a
ISLAMABAD
_b
PAEC
_c
1981
300
_a
VOL-1
942
_c
BK
999
_c
580921
_d
580921